[Event "SR 4. liga A21 2017/2018"]
[Site "?"]
[Date "2018.02.25"]
[Round "10.5"]
[White "Vozarova, Adriana"]
[Black "Piestansky, Jan"]
[Result "0-1"]
[WhiteElo "1564"]
[BlackElo "1646"]
[PlyCount "54"]
[EventDate "2017.??.??"]
[WhiteTeam "Å K Å tefanov"]
[BlackTeam "Å K KamenÃ¡r Chtelnica"]

1. e4 e5 2. f4 exf4 3. Nf3 d6 4. Bc4 h6 5. O-O Be7 6. d4 Nf6 7. e5 Nh5 8. exd6
Qxd6 9. Bxf7+ Kxf7 10. Bxf4 Qb6 11. Ne5+ Kg8 12. Nf7 Nf6 13. Nxh8 Kxh8 14. b3
Nc6 15. c3 Bd7 16. Nd2 Re8 17. Nc4 Qb5 18. Bxc7 Qg5 19. Bf4 Qg6 20. Be5 Be6 21.
Nd6 Bxd6 22. Bxf6 Be5 23. Bxg7+ Qxg7 24. Qd2 Rg8 25. Rf2 Ne7 26. Re1 Ng6 27. c4
Bd6 0-1

[Event "SR 4. liga A21 2017/2018"]
[Site "?"]
[Date "2018.02.25"]
[Round "10.5"]
[White "Pripko, Bystrik"]
[Black "Wallner, Juraj"]
[Result "1/2-1/2"]
[WhiteElo "1628"]
[BlackElo "1570"]
[PlyCount "37"]
[EventDate "2017.??.??"]
[WhiteTeam "Å K KamenÃ¡r Chtelnica"]
[BlackTeam "Å K Å tefanov"]

1. e4 c5 2. Nf3 e6 3. d4 d5 4. exd5 exd5 5. dxc5 Bxc5 6. Bb5+ Nc6 7. O-O Nge7
8. h3 O-O 9. Nc3 a6 10. Bd3 Nb4 11. a3 Nxd3 12. Qxd3 Bf5 13. Qd1 d4 14. Ne2 d3
15. cxd3 Qxd3 16. Qxd3 Bxd3 17. Re1 Nc6 18. Nc3 Rfe8 19. Bf4 1/2-1/2

[Event "SR 4. liga A21 2017/2018"]
[Site "?"]
[Date "2018.02.25"]
[Round "10.5"]
[White "Tomasovic, Roman"]
[Black "Kuracina, Lubomir"]
[Result "1-0"]
[WhiteElo "1556"]
[BlackElo "1504"]
[PlyCount "109"]
[EventDate "2017.??.??"]
[WhiteTeam "Å K Å tefanov"]
[BlackTeam "Å K KamenÃ¡r Chtelnica"]

1. d4 d5 2. c4 c6 3. e3 a5 4. a3 e6 5. Nf3 h6 6. Nc3 Bd6 7. Bd2 Nf6 8. c5 Bc7
9. Bd3 b5 10. O-O O-O 11. b4 Qe7 12. e4 Na6 13. e5 Ne8 14. Ne2 f6 15. Bf4 fxe5
16. Bxe5 Bb7 17. Qb1 Nf6 18. Ng3 Nd7 19. Re1 Nxe5 20. Nxe5 Bxe5 21. Rxe5 Qf6
22. Qb2 axb4 23. axb4 Nc7 24. Rxa8 Rxa8 25. Re1 Bc8 26. Qd2 Kh8 27. Nh5 Qxd4
28. Nf4 Qf6 29. h3 e5 30. Ng6+ Kg8 31. Nxe5 Ne8 32. Qe2 Nc7 33. Ng6 Be6 34. Ne5
Bf7 35. Ng4 Qd4 36. Qd2 Kf8 37. Ne5 Be8 38. Nf3 Qf6 39. Re5 Ra1+ 40. Kh2 Bg6
41. Bxg6 Qxg6 42. Qf4+ Kg8 43. Nh4 Qb1 44. Re7 Qh1+ 45. Kg3 Ra3+ 46. Nf3 Rxf3+
47. Qxf3 Qa1 48. Rxc7 Qe5+ 49. Qf4 Qc3+ 50. Kh2 Qf6 51. Qxf6 gxf6 52. Rxc6 Kf7
53. Rd6 f5 54. Rxd5 Ke6 55. Rd1 1-0

[Event "SR 4. liga A21 2017/2018"]
[Site "?"]
[Date "2018.02.25"]
[Round "10.6"]
[White "Moravec, Milan"]
[Black "Zlamal, Marek"]
[Result "1-0"]
[WhiteElo "1644"]
[BlackElo "1848"]
[PlyCount "104"]
[EventDate "2017.??.??"]
[WhiteTeam "Å O KopÄ�any"]
[BlackTeam "Å achovÃ½ klub HolÃ­Ä� B"]

1. d4 d5 2. c4 e6 3. Nc3 h6 4. e3 Nf6 5. Nf3 Be7 6. Bd3 O-O 7. O-O a5 8. a4 Nc6
9. b3 b6 10. cxd5 exd5 11. Bd2 Bg4 12. Be2 Bf5 13. Nh4 Bh7 14. Nf3 Nb4 15. Ne1
Rc8 16. Na2 c5 17. Nxb4 cxb4 18. Nd3 Ne4 19. Rc1 Bd6 20. Ne5 Bxe5 21. dxe5 Qe7
22. f4 Bf5 23. Bd3 Rxc1 24. Qxc1 Rc8 25. Qb2 Nxd2 26. Qxd2 Bxd3 27. Qxd3 Qc5
28. Rb1 Qc2 29. Qxc2 Rxc2 30. Kf1 Kf8 31. f5 Ke7 32. h4 Kd7 33. Rd1 Rc3 34.
Rxd5+ Kc6 35. e4 Re3 36. Rd6+ Kc7 37. Rd4 Rc3 38. h5 Rc5 39. e6 fxe6 40. fxe6
Re5 41. Rd7+ Kc6 42. Rxg7 Rxe6 43. Rg6 Kd6 44. Rxe6+ Kxe6 45. Ke2 Kf6 46. g4
Kg5 47. Kf3 b5 48. axb5 a4 49. b6 a3 50. b7 a2 51. b8=Q a1=Q 52. Qf4+ Kh4 1-0

[Event "SR 4. liga A21 2017/2018"]
[Site "?"]
[Date "2018.02.25"]
[Round "10.6"]
[White "Vach, Jozef"]
[Black "Dubecky, Ladislav"]
[Result "1-0"]
[WhiteElo "1699"]
[BlackElo "1613"]
[PlyCount "105"]
[EventDate "2017.??.??"]
[WhiteTeam "Å achovÃ½ klub HolÃ­Ä� B"]
[BlackTeam "Å O KopÄ�any"]

1. e4 e5 2. Nf3 d6 3. d4 exd4 4. Nxd4 Nf6 5. Nc3 Be7 6. Bc4 O-O 7. O-O c5 8.
Nf3 Bg4 9. Re1 Nc6 10. Be3 Ne5 11. Be2 Qb6 12. Rb1 Rad8 13. Nd5 Nxd5 14. exd5
Nxf3+ 15. Bxf3 Bxf3 16. Qxf3 Bf6 17. b4 Qc7 18. bxc5 dxc5 19. c4 Be5 20. h3 Bd6
21. Bd2 b6 22. Re4 Qd7 23. Rbe1 Qa4 24. Qb3 Qd7 25. Bg5 Rde8 26. Qe3 Rxe4 27.
Qxe4 f6 28. Qe6+ Qxe6 29. Rxe6 Bb8 30. Be3 Kf7 31. f4 Re8 32. f5 Rxe6 33. fxe6+
Ke7 34. Kf2 a6 35. a4 Bd6 36. Kf3 h5 37. g4 hxg4+ 38. hxg4 Bc7 39. Ke4 g6 40.
Bf4 Bd8 41. Bb8 b5 42. cxb5 axb5 43. axb5 Bb6 44. Kd3 f5 45. g5 Bd8 46. Kc4 Bb6
47. Bf4 Ba7 48. Be3 Kd6 49. e7 Kxe7 50. Bxc5+ Bxc5 51. Kxc5 Kd7 52. b6 f4 53.
Kd4 1-0

[Event "SR 4. liga A21 2017/2018"]
[Site "?"]
[Date "2018.02.25"]
[Round "10.6"]
[White "Damborsky, Pavol"]
[Black "Stasek, Daniel"]
[Result "0-1"]
[WhiteElo "1630"]
[BlackElo "1602"]
[PlyCount "68"]
[EventDate "2017.??.??"]
[WhiteTeam "Å O KopÄ�any"]
[BlackTeam "Å achovÃ½ klub HolÃ­Ä� B"]

1. c4 e6 2. Nc3 d5 3. cxd5 exd5 4. d4 Nf6 5. e3 c6 6. Bd3 Bd6 7. h3 O-O 8. Nf3
Re8 9. O-O Nbd7 10. a3 a6 11. b4 Ne4 12. Bxe4 dxe4 13. Nd2 f5 14. f4 exf3 15.
Nxf3 Nf6 16. Ng5 Qe7 17. Qb3+ Kf8 18. Nf3 Be6 19. Qc2 Bc4 20. Ne2 Bxe2 21. Qxe2
f4 22. Qd3 fxe3 23. Qe2 Kg8 24. Ng5 h6 25. Nf3 Nd5 26. Bb2 Qe4 27. Ne5 Bxe5 28.
dxe5 Nf4 29. Qg4 e2 30. e6 exf1=Q+ 31. Rxf1 Ne2+ 32. Kh2 Qxg4 33. hxg4 Rxe6 34.
Rf2 Rf8 0-1

[Event "SR 4. liga A21 2017/2018"]
[Site "?"]
[Date "2018.02.25"]
[Round "10.6"]
[White "Stehlik, Jan"]
[Black "Pisecky, Jan"]
[Result "1-0"]
[WhiteElo "1584"]
[BlackElo "1378"]
[PlyCount "55"]
[EventDate "2017.??.??"]
[WhiteTeam "Å achovÃ½ klub HolÃ­Ä� B"]
[BlackTeam "Å O KopÄ�any"]

1. e4 e5 2. Nf3 d6 3. d4 exd4 4. Nxd4 c6 5. Nc3 g6 6. Be2 Be7 7. O-O a6 8. a4
Nd7 9. Be3 Ngf6 10. Bh6 Bf8 11. Qd2 Qe7 12. f3 Ng8 13. Bxf8 Qxf8 14. f4 Qe7 15.
Bg4 Ngf6 16. Bxd7+ Bxd7 17. e5 dxe5 18. fxe5 Nd5 19. Nxd5 cxd5 20. Qa5 Be6 21.
Nxe6 fxe6 22. Rf6 Rf8 23. Raf1 Kd7 24. Qb6 Ke8 25. Rxf8+ Qxf8 26. Rxf8+ Kxf8
27. Qxe6 Re8 28. Qxd5 1-0

[Event "SR 4. liga A21 2017/2018"]
[Site "?"]
[Date "2018.02.25"]
[Round "10.6"]
[White "Sprusansky, Ferdinand"]
[Black "Datko, Jan"]
[Result "1/2-1/2"]
[WhiteElo "1373"]
[BlackElo "1197"]
[PlyCount "65"]
[EventDate "2017.??.??"]
[WhiteTeam "Å O KopÄ�any"]
[BlackTeam "Å achovÃ½ klub HolÃ­Ä� B"]

1. e4 e5 2. Nf3 Nc6 3. Bb5 d6 4. d4 Bd7 5. d5 Na5 6. Bxd7+ Qxd7 7. O-O c6 8. b3
b6 9. c4 Nf6 10. Re1 cxd5 11. cxd5 Nb7 12. Nc3 Rc8 13. Qd3 Nc5 14. Qd1 Be7 15.
Ba3 Nb7 16. Rc1 O-O 17. Qd2 a5 18. Qe3 b5 19. b4 Ra8 20. Qb6 Bd8 21. Qc6 axb4
22. Bxb4 Ba5 23. a3 Rfc8 24. Qxd7 Nxd7 25. Nxb5 Nbc5 26. Nxd6 Rcb8 27. Nxe5
Nxe5 28. Rxc5 Bxb4 29. axb4 Nd3 30. Rd1 Nxc5 31. bxc5 f6 32. Kf1 Ra7 33. c6
1/2-1/2

[Event "SR 4. liga A21 2017/2018"]
[Site "?"]
[Date "2018.03.18"]
[Round "11.1"]
[White "Zlamal, Marek"]
[Black "Vogl, Zdenek"]
[Result "1/2-1/2"]
[WhiteElo "1838"]
[BlackElo "1903"]
[PlyCount "171"]
[EventDate "2017.??.??"]
[WhiteTeam "Å achovÃ½ klub HolÃ­Ä� B"]
[BlackTeam "Å K Skalica B"]

1. e4 e5 2. Nf3 Nc6 3. Nc3 Nf6 4. a3 d5 5. exd5 Nxd5 6. Nxd5 Qxd5 7. d3 Bg4 8.
Be2 Rd8 9. O-O Be7 10. h3 Bh5 11. Be3 O-O 12. Nh2 Bxe2 13. Qxe2 f5 14. f4 Rde8
15. Qd2 e4 16. Rad1 Bc5 17. c4 Bxe3+ 18. Qxe3 Qe6 19. dxe4 Qxe4 20. Qc3 Qe3+
21. Qxe3 Rxe3 22. Rd7 Rf7 23. Rfd1 Ree7 24. R7d5 Re4 25. Rd7 Rxc4 26. Nf3 h6
27. Rxf7 Kxf7 28. Rd7+ Kf6 29. Rxc7 Na5 30. Rd7 Rxf4 31. Nd2 g5 32. b4 Ke6 33.
Rd3 Nc6 34. Nb3 b6 35. b5 Ne5 36. Nd4+ Kf6 37. Rd1 Re4 38. Nc6 Nxc6 39. bxc6
Rc4 40. Rd6+ Ke7 41. Rxh6 Kd8 42. Rg6 g4 43. h4 g3 44. Kf1 Rf4+ 45. Ke1 Rxh4
46. Rxg3 Ra4 47. Rc3 Kc7 48. Kd2 Rg4 49. g3 Rg6 50. Rf3 Kxc6 51. Ke3 Kd6 52.
Kf4 Ke6 53. Re3+ Kf6 54. Kf3 Rg4 55. Re8 Ra4 56. Re3 a5 57. Rb3 Kg5 58. Rxb6
Rxa3+ 59. Kf2 a4 60. Rb4 Ra2+ 61. Kf3 a3 62. Ra4 Ra1 63. g4 a2 64. Kg2 f4 65.
Ra8 Kxg4 66. Kh2 f3 67. Rg8+ Kf4 68. Rf8+ Ke3 69. Re8+ Kd4 70. Rd8+ Kc5 71. Rd2
Rh1+ 72. Kxh1 a1=Q+ 73. Kh2 Qf1 74. Kg3 Qh1 75. Rf2 Kd4 76. Rxf3 Qg1+ 77. Kf4
Qh2+ 78. Kg4 Ke4 79. Rg3 Qe2+ 80. Kg5 Ke5 81. Rg4 Qf3 82. Kh4 Qf2+ 83. Kh3 Kf5
84. Rg5+ Kf6 85. Rg2 Qf3+ 86. Rg3 1/2-1/2

[Event "SR 4. liga A21 2017/2018"]
[Site "?"]
[Date "2018.03.18"]
[Round "11.1"]
[White "Hrubsa, Marian"]
[Black "Vach, Jozef"]
[Result "0-1"]
[WhiteElo "1937"]
[BlackElo "1695"]
[PlyCount "122"]
[EventDate "2017.??.??"]
[WhiteTeam "Å K Skalica B"]
[BlackTeam "Å achovÃ½ klub HolÃ­Ä� B"]

1. e4 e5 2. Nf3 Nc6 3. Bb5 a6 4. Bxc6 dxc6 5. O-O Bg4 6. h3 Bxf3 7. Qxf3 Qf6 8.
Qg3 Bd6 9. d3 h6 10. Be3 g5 11. Nd2 Ne7 12. Nc4 Ng6 13. Qg4 Nf4 14. Rad1 h5 15.
Qf5 Qxf5 16. exf5 O-O-O 17. Kh2 f6 18. Bd2 h4 19. Ne3 Nh5 20. Kh1 Be7 21. Bc3
Bc5 22. Ng4 Rd5 23. b4 Be7 24. Ne3 Rd7 25. a4 b6 26. Rb1 c5 27. b5 a5 28. Kg1
Nf4 29. Rfe1 Kb7 30. Kh2 Rhd8 31. g3 hxg3+ 32. fxg3 Nh5 33. Nc4 Bd6 34. Re4 Ng7
35. Rf1 Rh8 36. g4 Ne8 37. Kg2 Rdh7 38. Rh1 Be7 39. Ree1 Bd6 40. Ne3 Be7 41.
Nd5 Bd6 42. Re3 c6 43. bxc6+ Kxc6 44. Nxb6 Kxb6 45. Rb1+ Ka6 46. Rb5 Bc7 47.
Be1 Nd6 48. Rb1 Bb6 49. c3 e4 50. dxe4 c4 51. Rf3 Nxe4 52. Rd1 Rd8 53. Rxd8
Bxd8 54. Re3 Re7 55. h4 gxh4 56. Bxh4 Ng5 57. Bxg5 fxg5 58. Rf3 Re4 59. Kh3 Re2
60. Rg3 Bc7 61. Rg2 Re3+ 0-1

[Event "SR 4. liga A21 2017/2018"]
[Site "?"]
[Date "2018.03.18"]
[Round "11.1"]
[White "Holiencin, Filip"]
[Black "Vepy, Ivan"]
[Result "0-1"]
[WhiteElo "1726"]
[BlackElo "1859"]
[PlyCount "112"]
[EventDate "2017.??.??"]
[WhiteTeam "Å achovÃ½ klub HolÃ­Ä� B"]
[BlackTeam "Å K Skalica B"]

1. d4 Nf6 2. c4 e6 3. Nc3 d5 4. Bg5 Be7 5. Nf3 O-O 6. e3 b6 7. Bd3 Ba6 8. cxd5
Bxd3 9. Qxd3 exd5 10. O-O h6 11. Bh4 Nbd7 12. Ne5 Nxe5 13. dxe5 Nd7 14. Bg3 c6
15. Rfd1 Bh4 16. Bxh4 Qxh4 17. Qf5 Qe7 18. e4 d4 19. Rxd4 Nxe5 20. f4 Ng6 21.
Rad1 Rad8 22. Rd7 Rxd7 23. Qxd7 Qxd7 24. Rxd7 Nxf4 25. g3 Ne6 26. Rxa7 Rd8 27.
Ra6 Rb8 28. Kf1 Nc5 29. Ra7 Re8 30. Rc7 Re6 31. Rc8+ Kh7 32. Rb8 b5 33. Rc8 b4
34. Nd5 Nd3 35. Nc7 Rxe4 36. a4 bxa3 37. bxa3 Ra4 38. Ra8 Rxa8 39. Nxa8 Nc5 40.
Nb6 Kg6 41. Nc8 Kf6 42. Na7 Ke5 43. Nxc6+ Kd5 44. Nb4+ Kc4 45. Ke2 Kb3 46. Ke3
Kxa3 47. Nc6 Ne6 48. Ke4 Kb3 49. Kd5 Ng5 50. h4 Nf3 51. Nd8 Kc3 52. Nxf7 Kd3
53. Ne5+ Ke2 54. h5 Nxe5 55. Kxe5 Kf3 56. Kf5 Kxg3 0-1

[Event "SR 4. liga A21 2017/2018"]
[Site "?"]
[Date "2018.03.18"]
[Round "11.1"]
[White "Planka, Peter"]
[Black "Stehlik, Jan"]
[Result "1/2-1/2"]
[WhiteElo "1800"]
[BlackElo "1593"]
[PlyCount "72"]
[EventDate "2017.??.??"]
[WhiteTeam "Å K Skalica B"]
[BlackTeam "Å achovÃ½ klub HolÃ­Ä� B"]

1. e4 e5 2. Nf3 Nc6 3. Bb5 a6 4. Ba4 d6 5. O-O Nf6 6. Re1 Be7 7. c3 O-O 8. h3
b5 9. Bb3 Na5 10. Bc2 c5 11. d4 Nc6 12. d5 Nb8 13. Nbd2 Ne8 14. b3 f5 15. exf5
Bxf5 16. c4 Nd7 17. Ne4 h6 18. Nh2 Bh7 19. Qg4 Kh8 20. Qe2 b4 21. Rf1 Nef6 22.
Ng4 Nxe4 23. Bxe4 Bg5 24. f3 Bxc1 25. Raxc1 Nf6 26. Nxf6 Qxf6 27. Bxh7 Kxh7 28.
Qe4+ Qf5 29. Rce1 Qxe4 30. Rxe4 g5 31. h4 Rf7 32. hxg5 hxg5 33. Kh2 Rh8 34. Rh1
Kg6+ 35. Kg1 Rxh1+ 36. Kxh1 Rf5 1/2-1/2

[Event "SR 4. liga A21 2017/2018"]
[Site "?"]
[Date "2018.03.18"]
[Round "11.1"]
[White "Datko, Jan"]
[Black "Harasta, Marian"]
[Result "0-1"]
[WhiteElo "1197"]
[BlackElo "1679"]
[PlyCount "74"]
[EventDate "2017.??.??"]
[WhiteTeam "Å achovÃ½ klub HolÃ­Ä� B"]
[BlackTeam "Å K Skalica B"]

1. e4 c5 2. Nf3 Nc6 3. d4 cxd4 4. Nxd4 e5 5. Nf3 Nf6 6. Bg5 Bc5 7. Nc3 h6 8.
Bh4 g5 9. Bg3 d6 10. Bb5 Qb6 11. Rb1 Bd7 12. Nd5 Nxd5 13. Bxc6 bxc6 14. exd5
cxd5 15. Qxd5 Bc6 16. Qb3 Qxb3 17. axb3 Bxf3 18. gxf3 f5 19. h4 f4 20. Bh2 Ke7
21. h5 Rhg8 22. Rg1 Ke6 23. c3 a5 24. Ke2 Kf5 25. b4 axb4 26. cxb4 Bxb4 27. Kd3
Bc5 28. Rg2 Rgb8 29. b3 Ra2 30. Rgg1 Rxf2 31. Rh1 Rxf3+ 32. Kc4 Rb4+ 33. Kd5
Rd3+ 34. Kc6 Rdxb3 35. Rxb3 Rxb3 36. Rd1 e4 37. Rd5+ Ke6 0-1

[Event "SR 4. liga A21 2017/2018"]
[Site "?"]
[Date "2018.03.18"]
[Round "11.2"]
[White "Slaba, Andrea"]
[Black "Moravec, Milan"]
[Result "1-0"]
[WhiteElo "1905"]
[BlackElo "1656"]
[PlyCount "53"]
[EventDate "2017.??.??"]
[WhiteTeam "Å K KamenÃ¡r Chtelnica"]
[BlackTeam "Å O KopÄ�any"]

1. d4 Nf6 2. Nf3 d5 3. c4 e6 4. g3 Be7 5. Bg2 O-O 6. O-O Bd7 7. Ne5 c6 8. Qb3
Qb6 9. Qxb6 axb6 10. Nc3 b5 11. Nxd7 Nbxd7 12. cxb5 Rfc8 13. bxc6 Rxc6 14. Bd2
Nb6 15. e4 Nc4 16. exd5 Nxd2 17. dxc6 Nxf1 18. cxb7 Rb8 19. Kxf1 Nd7 20. a4 Bf6
21. Rd1 Bd8 22. Ke2 Bb6 23. b4 Rd8 24. a5 Ba7 25. a6 Nb6 26. Nb5 Bb8 27. a7 1-0

[Event "SR 4. liga A21 2017/2018"]
[Site "?"]
[Date "2018.03.18"]
[Round "11.2"]
[White "Cerovsky, Marian"]
[Black "Slaby, Jozef"]
[Result "1/2-1/2"]
[WhiteElo "1787"]
[BlackElo "1754"]
[PlyCount "65"]
[EventDate "2017.??.??"]
[WhiteTeam "Å O KopÄ�any"]
[BlackTeam "Å K KamenÃ¡r Chtelnica"]

1. e4 c6 2. Nc3 d5 3. exd5 cxd5 4. d4 Nf6 5. Nf3 g6 6. h3 Bg7 7. Be3 Qa5 8.
Bb5+ Bd7 9. Bxd7+ Nbxd7 10. O-O O-O 11. Qc1 Rfe8 12. Ne2 Ne4 13. Ng5 Ndf6 14.
Nxe4 Nxe4 15. c3 Rac8 16. Qc2 Nd6 17. Bf4 Nc4 18. b3 Na3 19. Qd3 Rc6 20. Bd2
Qa6 21. Qxa6 Rxa6 22. Rfc1 e5 23. dxe5 Bxe5 24. Nd4 f5 25. Re1 Kf7 26. Nf3 Bf6
27. Rxe8 Kxe8 28. Re1+ Kd7 29. Rd1 Nb5 30. c4 Nc7 31. Bf4 Rxa2 32. Bxc7 Kxc7
33. Rxd5 1/2-1/2

[Event "SR 4. liga A21 2017/2018"]
[Site "?"]
[Date "2018.03.18"]
[Round "11.2"]
[White "Vagovic, Milan"]
[Black "Damborsky, Pavol"]
[Result "1/2-1/2"]
[WhiteElo "1665"]
[BlackElo "1613"]
[PlyCount "63"]
[EventDate "2017.??.??"]
[WhiteTeam "Å K KamenÃ¡r Chtelnica"]
[BlackTeam "Å O KopÄ�any"]

1. d4 d5 2. Nf3 Nc6 3. e3 Nf6 4. Bd3 e6 5. O-O Bd6 6. c3 h6 7. Nbd2 O-O 8. Re1
a6 9. e4 dxe4 10. Nxe4 Nxe4 11. Bxe4 Ne7 12. Bc2 c6 13. Qd3 f5 14. Bb3 Nd5 15.
Ne5 Ne7 16. Qg3 Rf6 17. Bf4 Qe8 18. Ng4 fxg4 19. Bxd6 Nf5 20. Qe5 Nxd6 21. Qxd6
Qd7 22. Qe5 Qf7 23. Re2 Bd7 24. Rae1 Re8 25. Qc7 Bc8 26. Qg3 h5 27. d5 cxd5 28.
Bxd5 Kf8 29. Bb3 g5 30. Qe5 Rg6 31. Qe4 Rf6 32. Qe5 1/2-1/2

[Event "SR 4. liga A21 2017/2018"]
[Site "?"]
[Date "2018.03.18"]
[Round "11.2"]
[White "Pisecky, Jan"]
[Black "Piestansky, Jan"]
[Result "1/2-1/2"]
[WhiteElo "1358"]
[BlackElo "1645"]
[PlyCount "109"]
[EventDate "2017.??.??"]
[WhiteTeam "Å O KopÄ�any"]
[BlackTeam "Å K KamenÃ¡r Chtelnica"]

1. e4 e5 2. Bc4 Nf6 3. Nc3 h6 4. d3 d6 5. h3 Nbd7 6. Be3 Be7 7. Nge2 Nb6 8. Bb3
c6 9. f4 exf4 10. Nxf4 O-O 11. Qf3 Kh7 12. g4 Ng8 13. O-O-O Bg5 14. Rd2 Bxf4
15. Bxf4 Be6 16. Qg3 Bxb3 17. cxb3 d5 18. h4 d4 19. Ne2 c5 20. h5 f6 21. Bd6
Rf7 22. Rc2 Nd7 23. Nf4 Qa5 24. Kb1 Re8 25. Ng6 Ne7 26. Bxe7 Rfxe7 27. Qd6 Qd8
28. Nxe7 Qxe7 29. Qxe7 Rxe7 30. b4 b6 31. bxc5 bxc5 32. b4 Re5 33. b5 Rg5 34.
Rg1 Nb6 35. Rf2 Nd7 36. Rf5 Ne5 37. Rxg5 hxg5 38. Kc2 Nf3 39. Rg3 Ne5 40. a4
Kg8 41. a5 Nd7 42. Kb3 Kf7 43. Kc4 Ke6 44. Rh3 Kd6 45. Kb3 Ne5 46. Rg3 Kc7 47.
Ka4 Kb7 48. Kb3 Kc7 49. Kc2 Kd6 50. Rg1 Kc7 51. Rg2 Kd6 52. Kd2 Kc7 53. Ke2 Kb8
54. Rg3 Kc7 55. Kf2 1/2-1/2

[Event "SR 4. liga A21 2017/2018"]
[Site "?"]
[Date "2018.03.18"]
[Round "11.2"]
[White "Pripko, Bystrik"]
[Black "Sprusansky, Ferdinand"]
[Result "1-0"]
[WhiteElo "1618"]
[BlackElo "1373"]
[PlyCount "79"]
[EventDate "2017.??.??"]
[WhiteTeam "Å K KamenÃ¡r Chtelnica"]
[BlackTeam "Å O KopÄ�any"]

1. e4 e5 2. Nf3 Nc6 3. d4 d6 4. dxe5 dxe5 5. Qxd8+ Kxd8 6. Be2 Nf6 7. Ng5 Bb4+
8. c3 Be6 9. Nxe6+ fxe6 10. cxb4 Nxb4 11. Na3 Nxe4 12. O-O Ke7 13. f3 Nf6 14.
Bd2 Nbd5 15. Nc4 e4 16. fxe4 Nxe4 17. Bc1 Rhf8 18. Bf3 Ndf6 19. Re1 Nc5 20. Rd1
Rad8 21. Be3 b6 22. Ne5 Ke8 23. Rxd8+ Kxd8 24. Nc6+ Ke8 25. Bxc5 bxc5 26. Nxa7
Kd7 27. Rd1+ Ke7 28. Nb5 Rb8 29. a4 Ne8 30. Rd2 Rb6 31. Rc2 c6 32. Na7 Kd6 33.
Nc8+ Kc7 34. Nxb6 Kxb6 35. b3 h6 36. a5+ Kxa5 37. Rxc5+ Kb4 38. Rxc6 Kxb3 39.
Rxe6 Nf6 40. h3 1-0

[Event "SR 4. liga A21 2017/2018"]
[Site "?"]
[Date "2018.03.18"]
[Round "11.3"]
[White "Bango, Lukas"]
[Black "Nemeckay, Rastislav"]
[Result "1/2-1/2"]
[WhiteElo "2137"]
[BlackElo "1945"]
[PlyCount "60"]
[EventDate "2017.??.??"]
[WhiteTeam "Å K Komplet Modranka jun."]
[BlackTeam "Å K Å tefanov"]

1. d4 d5 2. Nc3 Nf6 3. Bg5 Nbd7 4. f3 e6 5. e4 dxe4 6. fxe4 Be7 7. Nf3 b6 8.
Bd3 Bb7 9. Qe2 c5 10. O-O-O Nd5 11. exd5 Bxg5+ 12. Kb1 O-O 13. dxe6 Bxf3 14.
gxf3 cxd4 15. Ne4 Ne5 16. exf7+ Nxf7 17. Bc4 Kh8 18. Bxf7 Rxf7 19. Nxg5 Qxg5
20. Rxd4 Raf8 21. Re1 h6 22. Rd3 Qh5 23. Rf1 Rf4 24. b3 Re8 25. Qd2 Qe5 26. Rd7
a5 27. Rg1 Ref8 28. Rg6 Rxf3 29. Qxh6+ gxh6 30. Rxh6+ Kg8 1/2-1/2

[Event "SR 4. liga A21 2017/2018"]
[Site "?"]
[Date "2018.03.18"]
[Round "11.3"]
[White "Klimes, Karel"]
[Black "Bango, Dominik"]
[Result "1/2-1/2"]
[WhiteElo "1664"]
[BlackElo "1798"]
[PlyCount "49"]
[EventDate "2017.??.??"]
[WhiteTeam "Å K Å tefanov"]
[BlackTeam "Å K Komplet Modranka jun."]

1. e4 e5 2. Nf3 Nc6 3. Bc4 Bc5 4. c3 d6 5. d3 Be6 6. Bxe6 fxe6 7. Qb3 Qc8 8.
Ng5 Ke7 9. O-O Nf6 10. Be3 Bb6 11. Nd2 h6 12. Bxb6 axb6 13. Nh3 Rf8 14. f4 Rf7
15. fxe5 Nxe5 16. d4 Ng6 17. Nf4 Nxf4 18. Rxf4 Kf8 19. e5 dxe5 20. dxe5 Nd5 21.
Rxf7+ Kxf7 22. Rf1+ Kg8 23. c4 Ne7 24. Qf3 Qe8 25. a3 1/2-1/2

[Event "SR 4. liga A21 2017/2018"]
[Site "?"]
[Date "2018.03.18"]
[Round "11.3"]
[White "Skreko, Igor"]
[Black "Wallner, Juraj"]
[Result "1-0"]
[WhiteElo "1520"]
[BlackElo "1572"]
[PlyCount "53"]
[EventDate "2017.??.??"]
[WhiteTeam "Å K Komplet Modranka jun."]
[BlackTeam "Å K Å tefanov"]

1. d4 d5 2. c4 e6 3. Nc3 Nf6 4. Bg5 Be7 5. e3 h6 6. Bh4 c6 7. cxd5 exd5 8. Qc2
Ne4 9. Bxe7 Qxe7 10. Bd3 Nxc3 11. Qxc3 O-O 12. Ne2 Nd7 13. O-O Nf6 14. Ng3 Nh7
15. Rfe1 f5 16. Qc2 g6 17. f3 Qf6 18. Rad1 Ng5 19. Kh1 Bd7 20. e4 fxe4 21. fxe4
Qxd4 22. exd5 Qb6 23. dxc6 Bxc6 24. Bc4+ Kg7 25. Qc3+ Kh7 26. Re7+ Nf7 27. Bxf7
1-0

[Event "SR 4. liga A21 2017/2018"]
[Site "?"]
[Date "2018.03.18"]
[Round "11.3"]
[White "Tomasovic, Roman"]
[Black "Longauer, Jan"]
[Result "0-1"]
[WhiteElo "1559"]
[BlackElo "1672"]
[PlyCount "100"]
[EventDate "2017.??.??"]
[WhiteTeam "Å K Å tefanov"]
[BlackTeam "Å K Komplet Modranka jun."]

1. d4 Nf6 2. c4 g6 3. e3 Bg7 4. Nf3 d6 5. Be2 O-O 6. Nc3 c6 7. O-O Bf5 8. Bd3
Bxd3 9. Qxd3 Nbd7 10. Qc2 Qc7 11. b3 e5 12. Bb2 Rad8 13. Rfe1 Rfe8 14. dxe5
dxe5 15. e4 Nf8 16. Ne2 N6d7 17. Rad1 Ne6 18. a3 a5 19. b4 axb4 20. axb4 b6 21.
h3 c5 22. b5 Nd4 23. Qc3 Ra8 24. Ng3 Ra2 25. Nd2 Rea8 26. Nb3 Nf8 27. Ra1 Nfe6
28. Rxa2 Rxa2 29. Ra1 Rxa1+ 30. Nxa1 Nf4 31. Kf1 h5 32. Qa3 Qb7 33. f3 Qe7 34.
Bxd4 exd4 35. Ne2 Nxe2 36. Kxe2 Qg5 37. g4 hxg4 38. hxg4 Bh6 39. Qd3 Qh4 40.
Nc2 Qh2+ 41. Kd1 Bf4 42. Qe2 Qh1+ 43. Ne1 Bg3 44. e5 d3 45. Qe3 Bxe1 46. Qxe1
Qxf3+ 47. Kd2 Qxg4 48. Qe3 Qxc4 49. Qxd3 Qxd3+ 50. Kxd3 Kf8 0-1

[Event "SR 4. liga A21 2017/2018"]
[Site "?"]
[Date "2018.03.18"]
[Round "11.3"]
[White "Krakorova, Hana"]
[Black "Tomasovic, Pavol"]
[Result "1-0"]
[WhiteElo "1021"]
[BlackElo "1284"]
[PlyCount "51"]
[EventDate "2017.??.??"]
[WhiteTeam "Å K Komplet Modranka jun."]
[BlackTeam "Å K Å tefanov"]

1. e4 d6 2. Nf3 Nf6 3. Nc3 g6 4. Bc4 Bg7 5. d3 O-O 6. O-O c6 7. Bg5 Nbd7 8. Qd2
Ng4 9. h3 Nge5 10. Nxe5 Nxe5 11. Bb3 Be6 12. Bh6 Bxb3 13. Bxg7 Kxg7 14. axb3 e6
15. d4 Nd7 16. d5 Nf6 17. dxc6 bxc6 18. Rfd1 d5 19. exd5 cxd5 20. Qd4 a6 21. b4
Qb8 22. Na4 Qb5 23. Nc5 a5 24. bxa5 Rxa5 25. Rxa5 Qxa5 26. Nd7 1-0

[Event "SR 4. liga A21 2017/2018"]
[Site "?"]
[Date "2018.03.18"]
[Round "11.4"]
[White "Sadlon, Juraj"]
[Black "Miciak, Emanuel"]
[Result "1-0"]
[WhiteElo "1911"]
[BlackElo "1885"]
[PlyCount "79"]
[EventDate "2017.??.??"]
[WhiteTeam "CVÄŒ BrezovÃ¡ pod Bradlom"]
[BlackTeam "ZÅ K VrbovÃ© B"]

1. e4 c5 2. Nf3 d6 3. c3 g6 4. Bb5+ Nc6 5. O-O Bg7 6. Re1 Bd7 7. d3 e6 8. Bf4
Qc7 9. Nbd2 Nge7 10. Nc4 e5 11. Bg5 O-O 12. Ne3 a6 13. Ba4 Rfe8 14. h3 h6 15.
Bh4 Be6 16. Bb3 Bxb3 17. Qxb3 g5 18. Bg3 Nd8 19. h4 Ne6 20. hxg5 hxg5 21. Nd5
Qd8 22. Qxb7 Rb8 23. Nxe7+ Rxe7 24. Qxa6 Rxb2 25. a4 Reb7 26. a5 Nf4 27. Bxf4
exf4 28. Ra3 Rb1 29. Kf1 g4 30. Nd2 Rxe1+ 31. Kxe1 Rb2 32. Rb3 Rxb3 33. Nxb3
Bxc3+ 34. Ke2 Qb8 35. Qb6 Qa8 36. a6 c4 37. a7 f3+ 38. gxf3 gxf3+ 39. Kxf3 Kg7
40. Qb8 1-0

[Event "SR 4. liga A21 2017/2018"]
[Site "?"]
[Date "2018.03.18"]
[Round "11.4"]
[White "Pericka, Pavol"]
[Black "Lajda, Dusan"]
[Result "1/2-1/2"]
[WhiteElo "1788"]
[BlackElo "1764"]
[PlyCount "48"]
[EventDate "2017.??.??"]
[WhiteTeam "CVÈ Brezová pod Bradlom"]
[BlackTeam "ZŠK Vrbové B"]

1. e4 c5 2. Bc4 d6 3. Nf3 Nf6 4. Nc3 e6 5. O-O Be7 6. d4 cxd4 7. Nxd4 O-O 8.
Be3 Nc6 9. Nf3 a6 10. Bd3 b5 11. Ne2 Bb7 12. c3 e5 13. Ng3 Qc7 14. h3 Nd8 15.
Qc2 Ne6 16. Nf5 Rfe8 17. Nxe7+ Rxe7 18. Rfe1 Nc5 19. Bg5 Re6 20. Rad1 Rc8 21.
Nd2 Nxd3 22. Qxd3 Nd7 23. f3 Nc5 24. Qe2 d5 1/2-1/2